| 000 | 00537nam a2200193 a 4500 | ||
|---|---|---|---|
| 003 | MX-MxUPN | ||
| 005 | 20240323063640.0 | ||
| 008 | 991125s1888 fr r 000 0 spa d | ||
| 035 | _aUPN01000028443 | ||
| 040 |
_aMX-MxUPN _bspa _cMX-MxUPN |
||
| 041 | 0 | _aspa | |
| 050 | 4 |
_aDG63 _bD7.3 |
|
| 100 | 1 |
_aDrioux, _cabbé _q(Claude-Joseph), _d1820-1898 _951458 |
|
| 245 | 1 | 0 | _aHistoria romana |
| 260 |
_aParis ; _aMéjico : _bLibrería de Ch. Bouret, _c1888. |
||
| 300 | _a422 páginas | ||
| 651 | 4 |
_aRoma _xHistoria _910013 |
|
| 942 |
_2lcc _cLIBRO |
||
| 999 |
_c28443 _d28443 |
||